| 000 | 00493nmm a2200157Ia 4500 | ||
|---|---|---|---|
| 008 | 251105s9999||||xx |||||||||||||||||und|| | ||
| 020 | _a9781882528653 | ||
| 041 | _aspa | ||
| 100 | _aZinni, Mariana C | ||
| 245 | 0 | _aMimesis, hermeneusis y narración en Fray Bernardino de Sahagun | |
| 264 |
_a[Washington, Estados Unidos] : _bScripta Humanistica, _c2014 |
||
| 300 | _a266 páginas | ||
| 650 | _aPhilosophy, Ethics | ||
| 856 | _uhttps://public.digitaliapublishing.com/a/41692 | ||
| 942 | _cCF | ||
| 999 |
_c75338 _d75338 |
||